000 00891nam a2200241 a 4500
001 151
003 BD-RjUL
005 20211208233125.0
008 131109s1962 bg ||| r|||| 000 0 ben d
020 _c: PRs. 7.00
035 _a(BD-RjUL)164
040 _aBD-RjUL
_bben
_cBD-RjUL
041 _aben
082 0 4 _223
_a891.44409
_bMOA 1962
100 _aমোস্তফা, গোলাম
_9489
245 1 0 _aআমার চিন্তাধারা /
_cগোলাম মোস্তফা
250 _a১ম সং.
260 _aঢাকা :
_bরাখাল চন্দ্র দত্ত ,
_c১৯৬২
300 _a[১০], ৩০২ পৃ. ;
_c২২ সেমি.
650 _aবাংলা সাহিত্য
_9120085
_xইতিহাস এবং সমালোচনা
650 _aBengali Literature
_9120086
_xHistory and Criticism
942 _2ddc
_cBK
999 _c151
_d151